00940nam a2200253 a 450000100100000000500170001000800410002702000180006804000250008608200180011110000230012924500690015226000330022130000210025449000210027558600180029665000310031465000350034570000280038083000280040895201160043695201170055299900170066900002406820200930022706.0110118s1990 sp 000 | spa d a9788476404089 aDO-SdBNPbspacBNPHU a813.54bM978c1 aMurphy, Pat94945213aLa ciudad, poco después /cPat Murphy ; tradución A. Pareja. aMadrid :bEdaf D.L. ,c1990. a315 p. ;c20 cm.1 aIcaro. Terrorv8 aPremio Nebula 4aNovela estadounidense9262 4aLiteratura estadounidense92631 aPareja, A.,etr.949453 0aIcaro. Terrorn8949454 001050718MOaGRbGRcCTd2011-01-18iLF1l0o813.54 M978cp24068-10r2020-06-25w2020-06-25y1ZNo se presta 0010507-18MOaGRbGRcOId2017-06-06iLF1l0o813.54 M978cp24068-20r2020-06-25w2020-06-25y1ZNo se presta c23563d23563